Random Members of the New York City Council by Picture - Statistics

General Stats
  • This quiz has been taken 16 times
  • The average score is 10 of 16
Answer Stats
Picture Answer % Correct
Adrienne Adams
100%
Carlina Rivera
100%
Carmen De La Rosa
100%
Chris Banks
100%
Christopher Marte
100%
Crystal Hudson
100%
Darlene Mealy
100%
David Carr
100%
Diana Ayala
100%
Eric Dinowitz
100%
Francisco Moya
100%
Gale Brewer
100%
Inna Vernikov
100%
Justin Brannan
100%
Keith Powers
100%
Oswald Feliz
100%
Selvena Brooks-Powers
100%
Shahana Hanif
100%
Simcha Felder
100%
Tiffany Cabán
100%
Joann Ariola
67%
Pierina Sanchez
67%
Althea Stevens
50%
Erik Bottcher
50%
Julie Won
50%
Kamillah Hanks
50%
Linda Lee
50%
Shaun Abreu
50%
Susan Zhuang
50%
Yusef Salaam
50%
Farah Louis
33%
Kevin Riley
33%
Rita Joseph
33%
Alexa Avilés
0%
Amanda Farías
0%
Chi Ossé
0%
Frank Morano
0%
James Gennaro
0%
Jennifer Gutiérrez
0%
Julie Menin
0%
Kristy Marmorato
0%
Lincoln Restler
0%
Lynn Schulman
0%
Mercedes Narcisse
0%
Nantasha Williams
0%
Rafael Salamanca
0%
Robert Holden
0%
Sandra Ung
0%
Sandy Nurse
0%
Shekar Krishnan
0%
Vickie Paladino
0%
No matching quizzes found
Score Distribution
Percent of People with Each Score
Percentile by Number Answered
Your Score History
You have not taken this quiz